000 00365 a2200157 4500
001 59534
020 _a8508097166
040 _cAnchieta - Pituba
100 _aViana, Vivina de Assis
240 1 0 _aJá não somos mais crianças
_lpor
245 1 0 _aJá não somos mais crianças
300 _a117
362 0 _a2005
650 4 _aLiteratura juvenil
942 _cBK
999 _c59534
_d59534